[Event "Main Vogelsberg op 15th"]
[Site "Waechtersbach"]
[Date "2021.10.02"]
[Round "2.27"]
[White "Dehmel, Manfred"]
[Black "Dany, Jakob"]
[Result "0-1"]
[WhiteElo "1335"]
[BlackElo "1593"]
[PlyCount "98"]
[EventDate "2021.10.01"]
[EventType "swiss"]
[EventRounds "5"]
[EventCountry "GER"]
[SourceTitle "EXT 2023"]
[Source "ChessBase"]
[SourceDate "2022.10.05"]
[SourceVersion "1"]
[SourceVersionDate "2022.10.05"]
[SourceQuality "1"]

1. d4 Nf6 2. Nf3 e6 3. c4 b6 4. Nc3 Bb4 5. Bd2 Bxc3 6. Bxc3 Ne4 7. Bb4 d6 8. Nd2 Nxd2 9. Qxd2 0-0 10. e4 Nc6 11. Bc3 e5 12. d5 Ne7 13. Be2 Ng6 14. 0-0 f5 15. exf5 Bxf5 16. f3 Nf4 17. Qe1 Qg5 18. Rf2 Nh3+ 19. Kh1 Nxf2+ 20. Qxf2 Bd7 21. Bd3 Rf6 22. Bd2 Qh5 23. Be4 Raf8 24. Qg3 Bf5 25. Qg5 Qxg5 26. Bxg5 R6f7 27. Re1 Bxe4 28. Rxe4 h6 29. Be3 Rc8 30. b3 c6 31. dxc6 Rxc6 32. a4 Rd7 33. a5 bxa5 34. h3 Re7 35. f4 Kf7 36. fxe5 dxe5 37. Bd2 Ra6 38. Bc3 Kf6 39. b4 axb4 40. Bxb4 Ree6 41. c5 Kf5 42. Rc4 e4 43. Bc3 e3 44. g4+ Kg6 45. Kg2 Rac6 46. Kf1 e2+ 47. Ke1 Rc8 48. Bd2 a5 49. Bxa5 Rf8 0-1

[Event "Main Vogelsberg op 15th"]
[Site "Waechtersbach"]
[Date "2021.10.01"]
[Round "1.11"]
[White "Dany, Jakob"]
[Black "Korte, Markus"]
[Result "0-1"]
[WhiteElo "1593"]
[BlackElo "1941"]
[PlyCount "72"]
[EventDate "2021.10.01"]
[EventType "swiss"]
[EventRounds "5"]
[EventCountry "GER"]
[SourceTitle "EXT 2023"]
[Source "ChessBase"]
[SourceDate "2022.10.05"]
[SourceVersion "1"]
[SourceVersionDate "2022.10.05"]
[SourceQuality "1"]

1. e4 e5 2. Nc3 Nf6 3. f4 d5 4. fxe5 Nxe4 5. Qf3 Nxc3 6. bxc3 c5 7. d4 Nc6 8. Bb5 cxd4 9. Bxc6+ bxc6 10. cxd4 Qh4+ 11. Qf2 Bb4+ 12. Kf1 Qxf2+ 13. Kxf2 Bc3 14. Rb1 Bxd4+ 15. Be3 Bxe5 16. Bc5 Kd7 17. Nf3 Bd6 18. Bd4 f6 19. Rhe1 Ba6 20. g3 c5 21. Be3 Rab8 22. Rb3 Bc4 23. Ra3 a6 24. Ra5 Rb2 25. Rc1 Rxa2 26. Rxa2 Bxa2 27. Ra1 Bc4 28. Nd2 Bb5 29. Nb3 d4 30. Bf4 Re8 31. c4 Bxc4 32. Na5 Bb5 33. Rc1 Re2+ 34. Kf3 Bxf4 35. gxf4 Ra2 36. Nb7 Bc6+ 0-1

[Event "Hessen-ch U17 Open"]
[Site "Bad Homburg"]
[Date "2013.03.25"]
[Round "2"]
[White "Dany, Jakob"]
[Black "Wohlfart, Benjamin"]
[Result "0-1"]
[WhiteElo "787"]
[BlackElo "1155"]
[PlyCount "48"]
[EventDate "2013.03.??"]
[EventType "swiss"]
[EventRounds "7"]
[EventCountry "GER"]
[SourceTitle "EXT 2014"]
[Source "ChessBase"]
[SourceDate "2013.11.20"]
[SourceVersion "1"]
[SourceVersionDate "2013.11.20"]
[SourceQuality "1"]

1. e4 c5 2. Bc4 d6 3. d3 Nf6 4. Nc3 e6 5. h3 Be7 6. Nf3 a6 7. 0-0 b5 8. Nxb5 axb5 9. Bxb5+ Bd7 10. Bc4 0-0 11. Be3 Nc6 12. Qd2 Qb6 13. d4 Nxe4 14. Qd3 d5 15. Bb5 Nb4 16. Qe2 Bxb5 17. Qe1 Bxf1 18. Qxf1 Nxc2 19. Rc1 Nxe3 20. fxe3 cxd4 21. exd4 Qxb2 22. Re1 Rxa2 23. Rb1 Qc3 24. Kh1 Ng3+ 0-1